• 首页
  • 本馆介绍
  • 公告通知
  • 最新文献
  • 馆藏检索
  • 电子资源
  • 读者导购
  • 参考咨询
  • 我的图书馆
  • 登录
  • 详细信息显示
  • 放入我的书架
  • 预约/预借图书
  • 作者相关作品
  • 分类相关作品
  • 丛书相关作品
  • 出版社相关作品

书目信息

  • 表格格式
  • 工作单格式
  • 卡片格式
题名:
中国与新兴市场
    
 
作者: 胡必亮 主编
分册:  
出版信息: 北京   中国大百科全书出版社  2018
页数: 279页
开本: 23cm
丛书名:
单 册:
中图分类: F125.4
科图分类:
主题词: 新兴市场--对外经贸合作--研究--中国
电子资源:
ISBN: 978-7-5202-0256-5
000 01166nam0 2200253 450
001 012001002824
005 20140926114740.0
010    @a978-7-5202-0256-5@b精装@dCNY69.00
100    @a20180819d2018 em y0chiy50 ea
101 0  @achi
102    @aCN@b110000
105    @aa z 100yy
106    @ar
200 1  @a中国与新兴市场@9zhong guo yu xin xing shi chang@dChina and emerging markets@f胡必亮主编@zeng
210    @a北京@c中国大百科全书出版社@d2018
215    @a279页@c彩照@d23cm
300    @a北京师范大学新兴市场研究院文库 北京新兴市场论坛2015 “2015北京新兴市场论坛”得到了华晟基金和北京师范大学的资助。与论坛相关的研究得到了“中央高校基本科研业务费专项资金资助”(The Fundamental Research Funds for the Central Universities)和国家社科重大项目“中国新型城镇化:五个维度协同发展研究”的资助。
330    @a本书通过实录方式对“2015北京新兴市场论坛”进行了全面的记录,包括每位嘉宾的演讲、嘉宾答问、嘉宾接受媒体专访等内容。
510 1  @aChina and emerging markets@zeng
606 0  @a新兴市场@x对外经贸合作@x研究@y中国
690    @aF125.4@v5
701  0 @a胡必亮@9hu bi liang@4主编
801  0 @aCN@b上海新华@c20180901
905    @b1161586-90@dF125.4@e342@f5
    
    中国与新兴市场=China and emerging markets/胡必亮主编.-北京:中国大百科全书出版社,2018
    279页:彩照;23cm
    北京师范大学新兴市场研究院文库 北京新兴市场论坛2015 “2015北京新兴市场论坛”得到了华晟基金和北京师范大学的资助。与论坛相关的研究得到了“中央高校基本科研业务费专项资金资助”(The Fundamental Research Funds for the Central Universities)和国家社科重大项目“中国新型城镇化:五个维度协同发展研究”的资助。
    
    ISBN 978-7-5202-0256-5(精装):CNY69.00
    本书通过实录方式对“2015北京新兴市场论坛”进行了全面的记录,包括每位嘉宾的演讲、嘉宾答问、嘉宾接受媒体专访等内容。
●
相关链接 在E读中查询图书 在五车中查询图书 在当当中查询图书 在豆瓣中查询图书


正题名:中国与新兴市场     索取号:F125.4/342         预约/预借

序号 登录号 条形码 馆藏地/架位号 状态 备注
1 1161586   211615867   第一样本阅览室/ [索取号:F125.4/342] 在馆    
2 1161587   211615876   经管系资料室/ [索取号:F125.4/342] 在馆    
3 1161588   211615885   第一借阅区/ [索取号:F125.4/342] 在馆    
4 1161589   211615894   第一借阅区/ [索取号:F125.4/342] 在馆    
5 1161590   211615901   第一借阅区/ [索取号:F125.4/342] 在馆    
唐山师范学院图书馆 欢迎您!
大连网信软件有限公司© 版权所有